000 00714nam a2200193 i 4500
001 64810
003 ES-MaACL
005 20251015063102.0
007 t|
008 040105s1913 fr ||||1| fre d
100 1 _aFoulché-Delbosc, Raymond,
_d1864-1929
_951941
245 1 0 _aManuscrits hispaniques de bibliothèques dispersées /
_cpar R. Foulché-Delbosc 1re Série...
260 _aParís :
_bLibr. Anc. Honoré Champion,
_c1913.
300 _a70 p. ;
_c25 cm.
500 _aExtrait de la "Revue des Bibliotheques", nos. 10-12 Octobre-Décembre 1912 et 1-3 Janvier-Mars 1913.
650 4 _aBibliotecas privadas-
_vCatálogos.
_9163545
852 _aES-MaACL
_jT-1346-F-12
999 _c64810
_d64810